000 00659cam a22002174a 4500
001 sa 67005436
003 DLC
005 20260227112357.0
008 890605s1966 ii 000 0 urdr
010 _asa 67005436
035 _a(OCoLC)19818549
040 _aDLC
_cDLC
050 0 0 _aPK2199.F55
_bC37 1966
100 0 _aFirāq Gorakhpūrī,
_d1896-1982.
245 1 0 _aCarāg̲h̲an̲ :
_bFirāq Gorakhpūrī ke 1001 muntak̲h̲ab ashʻār /
_cFirāq Gorakhpūrī.
250 _a1. ishāʻat.
260 _aAllahābād :
_bSāhityah Kalā Bhavan,
_c1966.
300 _a176 p. ;
_c23 cm.
490 0 _aTak̲h̲līqī adab sīrīz ;
_v4
546 _aIn Urdu.
999 _c75206
_d75206